000
00317nam a22001337a 4500
082
_a
297.09 AKB
100
_a
Akbar Shah Khan
245
_a
Tareekh e islam (part 3)
260
_a
Lahore
_b
Islami kutab khana
300
_a
477p. :
_e
20 cm
650
_a
Islamic fundamentalism
700
_a
Akbar Shah Khan
942
_c
BK
999
_c
11709
_d
11709